000 005670000a22001810004500
003 MACL
005 20160204170637.0
008 160204b xxu||||| |||| 00| 0 eng d
040 _aMACL
_cMACL
041 _aHindi
082 _a020
100 _aशस्‍त्री दारकाप्रसाद
_936901
245 _aपुस्‍कत-चयन और संदर्भ सेवा
260 _bसाहित्‍य भवन
_c1971
_aइलाहाबाद
350 _a10
650 _aLibrary & Science
_957
942 _cSAN
_k020
_2ddc
999 _c27490
_d27490